000 01262cam a2200337I 4500
001 39199
005 20230410101659.0
008 740308s1972 quca b 000 0 fre c
010 _a 73343488
035 _a(OCoLC)ocm00824825
040 _aTEU
_cTEU
_dOCL
_dOCLCQ
_dIXA
035 _a(OCoLC)824825
043 _anwht---
050 1 4 _a110 HN 212.5
_bC968 1972
082 0 0 _a309.17294
245 0 0 _aCulture et developpement en Haiti;
_bsymposium Haiti,
_corganise sous les auspices du Departement d'anthropologie de l'Universite de Montreal et du Centre d'etudes haitiennes, 6-9 mai 1970 /
_csous la direction du professeur Emerson Douyon.
260 _a[Montreal] :
_bLemeac,
_c[1972]
300 _a233 p.
_billus.
_c23 cm.
490 0 _aCollection Caraèibes
500 _a"Publie sous la direction du professeur Emerson Douyon."
504 _aIncludes bibliographical references.
651 0 _aHaiti
_xSocial conditions
_vCongresses.
651 0 _aHaiti
_xEconomic conditions
_vCongresses.
650 4 _aCEH
650 4 _aColección Estudios Haitianos
700 1 _aDouyon, Emerson,
_eed.
710 2 _aUniversite de Montreal.
_bDepartement d'anthropologie.
710 2 _aCentre d'etudes haitiennes.
942 _2lcc
_cbk
994 _aC0
_bDRFGD
999 _c12083
_d12083